Independent Egypt, (Record no. 64967)
[ view plain ]
| 000 -LEADER | |
|---|---|
| fixed length control field | 00789nam a2200241 a 4500 |
| 001 - CONTROL NUMBER | |
| control field | 64967 |
| 003 - CONTROL NUMBER IDENTIFIER | |
| rucl marc code | BD-RjUL |
| 005 - DATE AND TIME OF LATEST TRANSACTION | |
| control field | 20211209081355.0 |
| 008 - FIXED-LENGTH DATA ELEMENTS--GENERAL INFORMATION | |
| fixed length control field | 170226s1940 enkac 001 0aeng |
| 035 ## - SYSTEM CONTROL NUMBER | |
| System control number | (BD-RjUL)65097 |
| 040 ## - CATALOGING SOURCE | |
| Original cataloging agency | BD-RjUL |
| Transcribing agency | BD-RjUL |
| Modifying agency | BD-RjUL |
| Language of cataloging | eng |
| 041 ## - LANGUAGE CODE | |
| Language code of text/sound track or separate title | eng |
| 082 ## - DEWEY DECIMAL CLASSIFICATION NUMBER | |
| Classification number | 962.05 |
| Edition number | 23 |
| Author mark and year | YOI 1940 |
| 100 1# - MAIN ENTRY--PERSONAL NAME | |
| Personal name | Youssef, Amine, |
| Dates associated with a name | 1888- |
| 9 (RLIN) | 192614 |
| 245 10 - TITLE STATEMENT | |
| Title | Independent Egypt, |
| Statement of responsibility, etc. | by Amine Youssef Bey; with a preface by Wickham Steed. |
| 250 ## - EDITION STATEMENT | |
| Edition statement | 1st ed. |
| 260 ## - PUBLICATION, DISTRIBUTION, ETC. (IMPRINT) | |
| Place of publication, distribution, etc. | London : |
| Name of publisher, distributor, etc. | J. Murray, |
| Date of publication, distribution, etc. | 1940. |
| 300 ## - PHYSICAL DESCRIPTION | |
| Pagination | xxiv, 272 p. : |
| Illustrations | ill. ; |
| Size | 21 cm. |
| 651 #0 - SUBJECT ADDED ENTRY--GEOGRAPHIC NAME | |
| Geographic name | Egypt |
| General subdivision | History |
| Chronological subdivision | British occupation, 1882-1936. |
| 9 (RLIN) | 191650 |
| Geographic name | Egypt |
| General subdivision | Foreign relations |
| Geographic subdivision | Great Britain. |
| 9 (RLIN) | 192562 |
| Geographic name | Great Britain |
| General subdivision | Foreign relations |
| Geographic subdivision | Egypt. |
| 9 (RLIN) | 192615 |
| 942 ## - ADDED ENTRY ELEMENTS (KOHA) | |
| Source of classification or shelving scheme | Dewey Decimal Classification |
| Koha item type | Books |
| Lost status | Source of classification or shelving scheme | Damaged status | Not for loan | Collection code | Permanent Location | Current Location | Shelving location | Date acquired | Source of acquisition | Cost, normal purchase price | Total Checkouts | Full call number | Date last seen | Copy number | Koha item type |
|---|---|---|---|---|---|---|---|---|---|---|---|---|---|---|---|
| Dewey Decimal Classification | Not For Loan | Non-fiction | Central Library, University of Rajshahi | Central Library, University of Rajshahi | Reading Room | 06/10/1966 | A.I. Qurishi | 3.35 | 962.05 YOI 1940 | 26/02/2017 | C-1 | Books |